000 00728nam a2200205 i 4500
001 57328
003 ES-MaACL
005 20230906163545.0
007 t|
008 031015s1965 sp ||||1| spa d
100 1 _aDomingo Domenech, José A.
_945140
245 1 0 _aConducta del médico rural ante las metrorragías del tercer trimestre del embarazo /
_cJosé A. Domingo Domenech.
260 _aCuenca :
_b[s.n.,
_c1965] (
_fImp. Falange)
300 _a15 p. :
_bil. ;
_c22 cm.
500 _aPrecede al tit.: Colegio Oficial de Médicos.
650 4 _aMetrorragia.
_9152579
650 4 _aEmbarazo-
_xComplicaciones.
_9151124
710 2 _aColegio Oficial de Médicos de Cuenca.
_92972
852 _aES-MaACL
_j2046-F-3
_bR.57867
999 _c57328
_d57328